Four Pillars Of Islam (Record no. 62990)

000 -LEADER
fixed length control field 00498nam a22001937a 4500
003 - CONTROL NUMBER IDENTIFIER
control field NUST - PNEC
005 - DATE AND TIME OF LATEST TRANSACTION
control field 20170116180802.0
008 - FIXED-LENGTH DATA ELEMENTS--GENERAL INFORMATION
fixed length control field 150414b xxu||||| |||| 00| 0 eng d
020 ## - INTERNATIONAL STANDARD BOOK NUMBER
International Standard Book Number -
040 ## - CATALOGING SOURCE
Transcribing agency LIBRARY
082 ## - DEWEY DECIMAL CLASSIFICATION NUMBER
Classification number 297.51 NAD
100 ## - MAIN ENTRY--PERSONAL NAME
9 (RLIN) 2582
Personal name Nadwi Syed Abul Hasan Ali
245 ## - TITLE STATEMENT
Title Four Pillars Of Islam
Statement of responsibility, etc. Syed Abul Hasan Ali Nadwi
250 ## - EDITION STATEMENT
Edition statement 1st ed
260 ## - PUBLICATION, DISTRIBUTION, ETC.
Place of publication, distribution, etc. Pakiatan
Name of publisher, distributor, etc. Dawah Academy
Date of publication, distribution, etc. c1998.
300 ## - PHYSICAL DESCRIPTION
Extent 318p. :
650 ## - SUBJECT ADDED ENTRY--TOPICAL TERM
9 (RLIN) 2583
Topical term or geographic name entry element Islam
General subdivision General
942 ## - ADDED ENTRY ELEMENTS (KOHA)
Source of classification or shelving scheme
Koha item type Book
Holdings
Withdrawn status Lost status Source of classification or shelving scheme Damaged status Not for loan Permanent Location Current Location Shelving location Date acquired Source of acquisition Cost, normal purchase price Total Checkouts Full call number Barcode Date last seen Date last checked out Cost, replacement price Price effective from Koha item type
          Pakistan Navy Engineering College (PNEC) Pakistan Navy Engineering College (PNEC)     Donated 200.00 1 297.51 NAD PNECLIB-025869 05/13/2016 04/14/2016 200.00   Book
© 2023 Central Library, National University of Sciences and Technology. All Rights Reserved.